00636nam a2200193Ia 4500003000500000005001700005008004100022020001800063040002400081082001500105100005300120245006900173260002200242300002200264521001000286942003100296999001900327952009600346322820251125101641.0210818s9999 xx 000 0 und d a9780310276135 aMPLbengc3228erda 0a248.4 HYBE a HYBELS, Bill Grand Rapids, [c.2007] 9100175 0aHoly discontent : fueling the fire that ignites personal vision  bZondervan,c2007. a155 pagesc20 cm. aAduls cBK2ddcy396zZanele Zitha c428828d428827 00104070aSABILbSABILd2021-08-23g200.00l0p33228022941734r2021-08-23w2021-08-23yBK